[Event "Weekend A Epifania"]
[Site "Torino ITA"]
[Date "2006.01.??"]
[Round "1"]
[White "Ranieri, Fabrizio"]
[Black "D'Amico, Antonino"]
[Result "1/2-1/2"]
[WhiteElo "2248"]
[BlackElo "1880"]
[PlyCount "77"]
[EventDate "2006.01.04"]

1. e4 c6 2. d4 d5 3. exd5 cxd5 4. c4 Nf6 5. Nc3 e6 6. c5 Be7 7. Nf3 O-O 8. Bf4
Ne4 9. Qc2 Qa5 10. Bd3 f5 11. O-O Nc6 12. a3 g5 13. b4 Qd8 14. Be5 g4 15. Nd2
Nxe5 16. dxe5 Bd7 17. f3 Nxd2 18. Qxd2 Bg5 19. f4 Be7 20. Ne2 b6 21. Rfc1 bxc5
22. bxc5 Rc8 23. Kh1 Rxc5 24. Ng3 Qa5 25. Qxa5 Rxa5 26. Rc7 Rd8 27. a4 Kf8 28.
Rb1 Rxa4 29. Rbb7 Ra1+ 30. Nf1 a5 31. g3 a4 32. Rxd7 Rxd7 33. Rxd7 a3 34. Ra7
a2 35. Be2 d4 36. Kg2 d3 37. Bxd3 Rd1 38. Rxa2 Rxd3 39. Rc2 1/2-1/2

[Event "Weekend A Epifania"]
[Site "Torino ITA"]
[Date "2006.01.??"]
[Round "2"]
[White "Boetto, Massimo"]
[Black "Pepino, Enrico"]
[Result "0-1"]
[WhiteElo "1994"]
[BlackElo "2157"]
[PlyCount "62"]
[EventDate "2006.01.04"]

1. e4 c5 2. Nf3 d6 3. d4 cxd4 4. Nxd4 Nf6 5. Nc3 g6 6. Be3 Bg7 7. f3 O-O 8. Bc4
Nc6 9. Qd2 Bd7 10. O-O-O b5 11. Bxb5 Ne5 12. Bd3 Qb8 13. h4 Rc8 14. h5 Qb7 15.
hxg6 fxg6 16. Nde2 Rab8 17. b3 Qb4 18. Nb1 Nxd3+ 19. Qxd3 a5 20. Bd4 a4 21. Bc3
axb3 22. axb3 Qb6 23. e5 dxe5 24. Ng3 Be6 25. Bxe5 Bxb3 26. Nc3 Bc4 27. Qd4
Qb2+ 28. Kd2 Rd8 29. Rb1 Rxd4+ 30. Bxd4 Qxb1 31. Rxb1 Rd8 0-1

[Event "Weekend A Epifania"]
[Site "Torino ITA"]
[Date "2006.01.??"]
[Round "2"]
[White "Faraoni, Enrico"]
[Black "Bertagia, Roldano"]
[Result "0-1"]
[WhiteElo "2157"]
[BlackElo "1986"]
[PlyCount "88"]
[EventDate "2006.01.04"]

1. f4 d5 2. Nf3 c5 3. g3 Nc6 4. Bg2 Nf6 5. d3 e6 6. O-O Be7 7. Na3 a6 8. Qe1
O-O 9. e4 b5 10. e5 Nd7 11. c4 Nb4 12. Qe2 Qb6 13. Ng5 h6 14. cxd5 c4+ 15. d4
Nxd5 16. Nc2 hxg5 17. fxg5 g6 18. Qe4 Kg7 19. Qh4 Bb7 20. Qh6+ Kg8 21. Bxd5
Bxd5 22. Be3 Rfc8 23. Rf4 Bf8 24. Qh3 Bg7 25. Raf1 Rf8 26. Rh4 b4 27. Rh7 b3
28. Rf4 Nxe5 29. dxe5 bxc2 30. Bxb6 c1=Q+ 31. Kf2 Qxb2+ 32. Kf1 Qxb6 33. Rxg7+
Kxg7 34. Qh6+ Kg8 35. Rh4 Qb1+ 36. Kf2 Qb2+ 37. Kf1 Qc1+ 38. Kf2 Qd2+ 39. Kf1
Qd1+ 40. Kf2 Qf3+ 41. Ke1 Qh1+ 42. Ke2 Bf3+ 43. Kf2 Qg2+ 44. Ke3 Qe2+ 0-1

[Event "Weekend A Epifania"]
[Site "Torino ITA"]
[Date "2006.01.??"]
[Round "2"]
[White "Fassio, Luca"]
[Black "Vozza, Nicola"]
[Result "1-0"]
[WhiteElo "2059"]
[BlackElo "2002"]
[PlyCount "93"]
[EventDate "2006.01.04"]

1. e4 e6 2. d4 d5 3. Nd2 Be7 4. Bd3 c5 5. c3 Nc6 6. exd5 exd5 7. Ngf3 Nf6 8.
O-O O-O 9. dxc5 Bxc5 10. Nb3 Bb6 11. Bg5 Qd6 12. Bc2 Bg4 13. Bxf6 Qxf6 14. Qxd5
Rfe8 15. Rfe1 g6 16. Qg5 Qxg5 17. Nxg5 Rad8 18. Be4 Ne5 19. h3 Bc8 20. Re2 f5
21. Bc2 Nf3+ 22. Nxf3 Rxe2 23. Nbd4 Bxd4 24. Nxd4 Ree8 25. a4 Bd7 26. a5 a6 27.
h4 h5 28. Bb3+ Kg7 29. Bd5 Bc6 30. Ne6+ Rxe6 31. Bxe6 Rd2 32. b4 Kf6 33. Bb3
Rd3 34. Rc1 g5 35. hxg5+ Kxg5 36. Bc4 Rd2 37. Bf1 Rb2 38. Re1 Rb3 39. Rc1 Kf4
40. g3+ Kg5 41. Bg2 f4 42. gxf4+ Kxf4 43. Bf1 h4 44. Bd3 Kf3 45. Bf5 Ke2 46.
Rc2+ Kf3 47. Rc1 1-0

[Event "Weekend A Epifania"]
[Site "Torino ITA"]
[Date "2006.01.??"]
[Round "2"]
[White "Fortino, Fabrizio"]
[Black "Rosso, Emanuele"]
[Result "1/2-1/2"]
[WhiteElo "2020"]
[BlackElo "1790"]
[PlyCount "62"]
[EventDate "2006.01.04"]

1. e4 c5 2. c3 d5 3. exd5 Qxd5 4. d4 Nf6 5. Nf3 Nc6 6. Be2 cxd4 7. cxd4 e6 8.
O-O Be7 9. Nc3 Qd6 10. Nb5 Qd8 11. Bf4 Nd5 12. Bg3 a6 13. Nc3 O-O 14. Rc1 Nxc3
15. bxc3 Ba3 16. Rb1 Bd6 17. Bxd6 Qxd6 18. a4 Rd8 19. Nd2 Na5 20. Ne4 Qc7 21.
Qd3 h6 22. f4 b5 23. axb5 axb5 24. Qxb5 Ba6 25. Qh5 Bxe2 26. Qxe2 Rdb8 27. Rbe1
Nc4 28. Nc5 Rb2 29. Nxe6 fxe6 30. Qxe6+ Kh8 31. f5 Rb6 1/2-1/2

[Event "Weekend A Epifania"]
[Site "Torino ITA"]
[Date "2006.01.??"]
[Round "2"]
[White "Giacomasso, Enrico"]
[Black "Parodi, Alessandro"]
[Result "1-0"]
[WhiteElo "1941"]
[BlackElo "1924"]
[PlyCount "73"]
[EventDate "2006.01.04"]

1. e4 d6 2. d4 Nf6 3. Nc3 g6 4. Nf3 Bg7 5. Be2 O-O 6. O-O c6 7. a4 a5 8. Bg5 h6
9. Be3 Na6 10. h3 Nb4 11. Qc1 Kh7 12. Nd2 d5 13. e5 Ne8 14. Nb3 Bf5 15. Bd1 g5
16. g4 Bc8 17. Ne2 f5 18. c3 Na6 19. Bc2 Kh8 20. Bxg5 hxg5 21. Qxg5 Nf6 22.
exf6 Rxf6 23. Nf4 Qd6 24. Qh5+ Rh6 25. Qe8+ Kh7 26. Nh5 Rg6 27. Rae1 e5 28.
dxe5 Qc7 29. Nf4 Rg5 30. Nd4 Qd7 31. Qxd7 Bxd7 32. Nf3 Bh6 33. Nxg5+ Bxg5 34.
e6 Bxf4 35. Bxf5+ Kh6 36. exd7 Nc7 37. Re7 1-0

[Event "Weekend A Epifania"]
[Site "Torino ITA"]
[Date "2006.01.??"]
[Round "2"]
[White "Marello, Giampiero"]
[Black "Ranieri, Fabrizio"]
[Result "1-0"]
[WhiteElo "1700"]
[BlackElo "2248"]
[PlyCount "97"]
[EventDate "2006.01.04"]

1. Nf3 e6 2. d4 f5 3. c4 d6 4. e3 Nf6 5. Nbd2 Be7 6. Bd3 O-O 7. O-O Qe8 8. Rb1
Qh5 9. Re1 g5 10. Nf1 Na6 11. b4 c5 12. bxc5 dxc5 13. Ba3 b6 14. Bb2 Bb7 15.
Ng3 Bxf3 16. gxf3 Qh3 17. Bf1 Qh4 18. f4 gxf4 19. exf4 cxd4 20. Rxe6 Bc5 21.
Qf3 Rad8 22. Nxf5 Qg4+ 23. Qg3 Kh8 24. Bh3 Qxg3+ 25. hxg3 Nb4 26. Rd1 Kg8 27.
Bxd4 Nc2 28. Nh6+ Kg7 29. Bxf6+ Rxf6 30. Rxd8 Rxe6 31. Bxe6 Kxh6 32. Kg2 Nd4
33. f5 a5 34. g4 Ne2 35. Kf3 Nc3 36. Rd2 Kg5 37. Bd7 Nb1 38. Rd3 Bb4 39. Kg3
Nc3 40. f4+ Kf6 41. g5+ Kg7 42. a4 Ne4+ 43. Kg2 Nc5 44. Rd5 Ne4 45. f6+ Kf7 46.
Bf5 Nc3 47. Rd7+ Ke8 48. Rxh7 Nxa4 49. Bd7+ 1-0

[Event "Weekend A Epifania"]
[Site "Torino ITA"]
[Date "2006.01.??"]
[Round "2"]
[White "Martin, Tiziano"]
[Black "Sorcinelli, Francesco"]
[Result "0-1"]
[WhiteElo "1978"]
[BlackElo "2106"]
[PlyCount "68"]
[EventDate "2006.01.04"]

1. d4 Nf6 2. Nf3 g6 3. Bf4 Bg7 4. e3 O-O 5. c4 c5 6. Nc3 cxd4 7. exd4 d5 8. c5
Nc6 9. Bb5 Bg4 10. Bxc6 bxc6 11. h3 Bxf3 12. Qxf3 Ne4 13. O-O f5 14. Qd3 e5 15.
Bxe5 Bxe5 16. dxe5 Nxc5 17. Qd4 Ne6 18. Qa4 Qb6 19. b4 f4 20. Rac1 f3 21. Nxd5
cxd5 22. Rc6 fxg2 23. Rxb6 gxf1=Q+ 24. Kxf1 axb6 25. Qd7 Nf4 26. e6 Rad8 27.
Qc6 Rde8 28. Qxb6 Rxe6 29. Qc5 Re4 30. Qc3 Rc4 31. Qd2 Rfc8 32. Kg1 g5 33. h4
Rc1+ 34. Kh2 R8c3 0-1

[Event "Weekend A Epifania"]
[Site "Torino ITA"]
[Date "2006.01.??"]
[Round "2"]
[White "Nardelli, Marco"]
[Black "Ferrario, Enrico"]
[Result "1-0"]
[WhiteElo "2107"]
[BlackElo "1954"]
[PlyCount "39"]
[EventDate "2006.01.04"]

1. e4 Nc6 2. d4 d5 3. exd5 Qxd5 4. Nf3 Bg4 5. Be2 O-O-O 6. c4 Qf5 7. Be3 e5 8.
d5 e4 9. Nh4 Bxe2 10. Qxe2 Qf6 11. dxc6 Bb4+ 12. Nd2 Qxh4 13. cxb7+ Kb8 14.
O-O-O f5 15. a3 Be7 16. g3 Qf6 17. Nb3 Nh6 18. Bd4 Qg6 19. Qc2 Rd7 20. Bxa7+
1-0

[Event "Weekend A Epifania"]
[Site "Torino ITA"]
[Date "2006.01.??"]
[Round "3"]
[White "Astengo, Marcello"]
[Black "Marello, Giampiero"]
[Result "1-0"]
[WhiteElo "2091"]
[BlackElo "1700"]
[PlyCount "46"]
[EventDate "2006.01.04"]

1. d4 Nf6 2. c4 g6 3. Nc3 Bg7 4. e4 O-O 5. Be3 d6 6. f3 e5 7. Nge2 c6 8. Qd2
Nbd7 9. Rd1 Re8 10. b3 a6 11. dxe5 dxe5 12. Ng3 Qe7 13. Be2 Nf8 14. Na4 Ne6 15.
O-O Rd8 16. Bd3 Nd4 17. Qa5 Ne8 18. Ne2 Qc7 19. Qxc7 Nxc7 20. Nb6 Rb8 21. Nxd4
exd4 22. Bf4 Na8 23. Bxb8 Nxb6 1-0

[Event "Weekend A Epifania"]
[Site "Torino ITA"]
[Date "2006.01.??"]
[Round "3"]
[White "Bertagia, Roldano"]
[Black "Nardelli, Marco"]
[Result "0-1"]
[WhiteElo "1986"]
[BlackElo "2107"]
[PlyCount "90"]
[EventDate "2006.01.04"]

1. e4 c5 2. Nf3 Nc6 3. Nc3 e5 4. Bc4 Be7 5. d3 d6 6. Nd5 Nf6 7. c3 O-O 8. O-O
a6 9. a4 Rb8 10. Nxe7+ Nxe7 11. Qe2 b5 12. axb5 axb5 13. Bb3 b4 14. Bc4 Ng6 15.
Rd1 Nh5 16. d4 Qc7 17. g3 cxd4 18. cxd4 Bg4 19. Be3 Nxg3 20. hxg3 Bxf3 21. Qxf3
Qxc4 22. Rac1 Qb3 23. Qe2 Rfc8 24. Kg2 Nf8 25. Rh1 Qe6 26. d5 Qg6 27. f3 f5 28.
Ba7 Ra8 29. exf5 Qxf5 30. Be3 b3 31. Rc6 Rxc6 32. dxc6 d5 33. g4 Qc2 34. Qxc2
bxc2 35. b4 d4 36. Bd2 Ne6 37. Kf2 Rc8 38. Ke2 Rxc6 39. Rc1 Kf7 40. Kd3 g5 41.
Ke4 Kf6 42. Kd5 Rc8 43. Kd6 d3 44. b5 Nd4 45. b6 Rc6+ 0-1

[Event "Weekend A Epifania"]
[Site "Torino ITA"]
[Date "2006.01.??"]
[Round "3"]
[White "D'Amico, Antonino"]
[Black "Fortino, Fabrizio"]
[Result "1-0"]
[WhiteElo "1880"]
[BlackElo "2020"]
[PlyCount "65"]
[EventDate "2006.01.04"]

1. d4 Nf6 2. Nf3 e6 3. e3 b6 4. Nbd2 Bb7 5. Bd3 Be7 6. b3 d5 7. Bb2 O-O 8. Qe2
Ne4 9. O-O Nd7 10. c4 c5 11. Rac1 f5 12. Rfd1 g5 13. cxd5 exd5 14. dxc5 bxc5
15. Ne5 Nxe5 16. Bxe5 Qc8 17. g4 Qe6 18. f4 Nxd2 19. gxf5 Rxf5 20. Rxd2 Rxe5
21. fxe5 Qxe5 22. Rf1 Rf8 23. Rxf8+ Bxf8 24. Qf3 c4 25. Rf2 Qe7 26. bxc4 d4 27.
Bxh7+ Kxh7 28. Qxf8 Qe4 29. Rf7+ Kg6 30. Rg7+ Kh5 31. Qf7+ Kg4 32. h3+ Kh4 33.
Rh7+ 1-0

[Event "Weekend A Epifania"]
[Site "Torino ITA"]
[Date "2006.01.??"]
[Round "3"]
[White "Finocchiaro, Gianluca"]
[Black "Ranieri, Fabrizio"]
[Result "1/2-1/2"]
[WhiteElo "1854"]
[BlackElo "2248"]
[PlyCount "74"]
[EventDate "2006.01.04"]

1. e4 e6 2. d4 d5 3. exd5 exd5 4. c4 Nc6 5. Nf3 Bg4 6. cxd5 Qxd5 7. Be2 O-O-O
8. Nc3 Qf5 9. Be3 Nf6 10. O-O Bd6 11. Nb5 Nd5 12. Nxd6+ cxd6 13. Rc1 Kb8 14.
Qb3 Nb6 15. Rfd1 Qd5 16. Qxd5 Nxd5 17. h3 Bh5 18. Bc4 Nxe3 19. fxe3 Rhe8 20.
Re1 Re7 21. Bb5 Nb4 22. a3 Nd5 23. e4 Nf4 24. Kh2 a6 25. Bf1 Rde8 26. g4 Bg6
27. e5 dxe5 28. Rxe5 f6 29. Rxe7 Rxe7 30. Re1 Rc7 31. Kg3 Nd5 32. Nh4 Ka7 33.
Nxg6 hxg6 34. Bg2 Ne7 35. d5 Nc8 36. Re8 Kb6 37. Rd8 Rc2 1/2-1/2

[Event "Weekend A Epifania"]
[Site "Torino ITA"]
[Date "2006.01.??"]
[Round "3"]
[White "Gallucci, Alessio"]
[Black "Martin, Tiziano"]
[Result "0-1"]
[WhiteElo "1781"]
[BlackElo "1978"]
[PlyCount "117"]
[EventDate "2006.01.04"]

1. e4 d6 2. d4 e5 3. d5 Nf6 4. Bd3 Be7 5. Ne2 O-O 6. Be3 Ng4 7. Qd2 Nxe3 8.
fxe3 Bh4+ 9. g3 Bg5 10. h4 Bh6 11. Nbc3 c6 12. O-O-O Qb6 13. Kb1 Bxe3 14. Na4
Bxd2 15. Nxb6 axb6 16. Rxd2 Nd7 17. Bc4 Nf6 18. Nc3 b5 19. Bd3 b4 20. Nd1 c5
21. Ne3 b5 22. g4 Nxg4 23. Nxg4 Bxg4 24. Bxb5 f5 25. Rg1 Bf3 26. exf5 Rxf5 27.
Bd7 Rf4 28. Be6+ Kh8 29. Rg5 Bxd5 30. Bg4 Bxa2+ 31. Kc1 Be6 32. Rg2 Bxg4 33.
R2xg4 Rxg4 34. Rxg4 Rf8 35. Kd2 Rf3 36. c3 bxc3+ 37. bxc3 Kg8 38. Ra4 Kf7 39.
Ra7+ Kf6 40. Rd7 Rf4 41. Rxd6+ Kf5 42. Rd7 Rxh4 43. Rxg7 Ke4 44. Rg1 Rh3 45.
Rg4+ Kd5 46. c4+ Ke6 47. Rg8 Rh4 48. Kd3 Rd4+ 49. Kc3 h5 50. Rg6+ Kf5 51. Rc6
h4 52. Rxc5 h3 53. Rc8 Rh4 54. Rf8+ Ke4 55. Rf1 h2 56. Rh1 Kf3 57. Kd3 Kg2 58.
Rxh2+ Kxh2 59. c5 0-1

[Event "Weekend A Epifania"]
[Site "Torino ITA"]
[Date "2006.01.??"]
[Round "3"]
[White "Pepino, Enrico"]
[Black "Fassio, Luca"]
[Result "1/2-1/2"]
[WhiteElo "2157"]
[BlackElo "2059"]
[PlyCount "62"]
[EventDate "2006.01.04"]

1. e4 g6 2. d4 Bg7 3. Nc3 d6 4. f4 c6 5. Nf3 Bg4 6. Be3 Qb6 7. Qd2 Bxf3 8. gxf3
Nd7 9. O-O-O Qa5 10. Kb1 b5 11. Bd3 Nb6 12. h4 Nc4 13. Bxc4 bxc4 14. h5 Nf6 15.
h6 Bf8 16. d5 c5 17. Qe2 Qa6 18. e5 Nh5 19. Ne4 O-O-O 20. Rxh5 gxh5 21. Ng5 Rg8
22. Nxf7 Rd7 23. e6 Rb7 24. c3 Qb5 25. Rg1 Rxg1+ 26. Bxg1 a5 27. Be3 a4 28. a3
Qb3 29. Kc1 Qa2 30. Qc2 h4 31. f5 h3 1/2-1/2

[Event "Weekend A Epifania"]
[Site "Torino ITA"]
[Date "2006.01.??"]
[Round "3"]
[White "Rosso, Emanuele"]
[Black "Faraoni, Enrico"]
[Result "0-1"]
[WhiteElo "1790"]
[BlackElo "2157"]
[PlyCount "62"]
[EventDate "2006.01.04"]

1. e4 e6 2. d4 d5 3. Nc3 Bb4 4. a3 Bxc3+ 5. bxc3 dxe4 6. Qg4 Nf6 7. Qxg7 Rg8 8.
Qh6 Nbd7 9. Bg5 Rg6 10. Qh4 c5 11. Bb5 Qa5 12. Bxd7+ Bxd7 13. Ne2 Nd5 14. O-O
Bb5 15. Rfe1 Bxe2 16. Rxe2 Nxc3 17. Ree1 cxd4 18. Bd2 Rd8 19. Rxe4 Qf5 20. Bxc3
Qf3 21. g3 dxc3 22. Rd4 Rxd4 23. Qxd4 Rg4 24. Qd6 Qd5 25. Rd1 Qxd6 26. Rxd6 Ra4
27. Kf1 Ke7 28. Rd3 Rxa3 29. Ke2 b5 30. Rd4 Ra6 31. Kd3 Rd6 0-1

[Event "Weekend A Epifania"]
[Site "Torino ITA"]
[Date "2006.01.??"]
[Round "3"]
[White "Sorcinelli, Francesco"]
[Black "Giacomasso, Enrico"]
[Result "1/2-1/2"]
[WhiteElo "2106"]
[BlackElo "1941"]
[PlyCount "129"]
[EventDate "2006.01.04"]

1. e4 c5 2. Nc3 Nc6 3. Nge2 d6 4. g3 Nf6 5. Bg2 e6 6. O-O Be7 7. d4 cxd4 8.
Nxd4 Nxd4 9. Qxd4 e5 10. Qd3 Be6 11. Qb5+ Qd7 12. Qxd7+ Bxd7 13. Be3 Bc6 14. h3
O-O 15. a4 h6 16. Rfd1 a6 17. a5 Rac8 18. Rd2 Rfe8 19. g4 g5 20. f3 Kg7 21. h4
Kg6 22. h5+ Kg7 23. Bf1 Bd7 24. Be2 Bc6 25. Na4 d5 26. Nb6 Rcd8 27. exd5 Nxd5
28. Nxd5 Rxd5 29. Rxd5 Bxd5 30. Rd1 Bc6 31. Bb6 Bf6 32. c3 e4 33. fxe4 Bxe4 34.
Kf2 Kf8 35. Bc5+ Be7 36. Bb6 Bc6 37. Bd3 Bd8 38. Bxd8 Rxd8 39. Be2 Re8 40. Bf3
Bxf3 41. Kxf3 Re5 42. b4 Ke7 43. Rd4 f5 44. gxf5 Rxf5+ 45. Kg4 Rf1 46. Rc4 Kd7
47. Re4 Rh1 48. Kf5 Rxh5 49. Kf6 Rh4 50. Re7+ Kc6 51. Re6+ Kc7 52. Re7+ Kb8 53.
Ke5 Rc4 54. Re8+ Ka7 55. Rh8 Rxc3 56. Rxh6 Rb3 57. Rb6 g4 58. Kd4 g3 59. Kc4 g2
60. Rg6 Rb2 61. Kc3 Rf2 62. Rg8 Ra2 63. Kb3 Rf2 64. Kc3 Ra2 65. Kb3 1/2-1/2

[Event "Weekend A Epifania"]
[Site "Torino ITA"]
[Date "2006.01.??"]
[Round "4"]
[White "Fassio, Luca"]
[Black "Sorcinelli, Francesco"]
[Result "0-1"]
[WhiteElo "2059"]
[BlackElo "2106"]
[PlyCount "76"]
[EventDate "2006.01.04"]

1. e4 c5 2. c3 d5 3. exd5 Qxd5 4. d4 cxd4 5. cxd4 Nc6 6. Nf3 e5 7. Nc3 Bb4 8.
Bd2 Bxc3 9. Bxc3 e4 10. Ne5 Nxe5 11. dxe5 Ne7 12. Qxd5 Nxd5 13. Bb5+ Bd7 14.
Bxd7+ Kxd7 15. Bd4 Ke6 16. O-O Rhd8 17. Rfe1 Nf4 18. Bc3 Kf5 19. g4+ Kxg4 20.
Rxe4 Kf5 21. Rae1 g5 22. a4 Rd7 23. Rd4 Rad8 24. Rxd7 Rxd7 25. a5 a6 26. f3 Rd3
27. Re4 Rxf3 28. Rb4 h5 29. Rxb7 Kg4 30. Be1 Kh3 31. Bf2 Rd3 32. Bc5 Rd1+ 33.
Kf2 Nd3+ 34. Ke2 Nxc5 35. Rxf7 Rb1 36. Rf3+ Kh4 37. b3 Rxb3 38. Rf6 Rb4 0-1

[Event "Weekend A Epifania"]
[Site "Torino ITA"]
[Date "2006.01.??"]
[Round "4"]
[White "Fortino, Fabrizio"]
[Black "Matta, Francesca"]
[Result "1-0"]
[WhiteElo "2020"]
[BlackElo "1832"]
[PlyCount "81"]
[EventDate "2006.01.04"]

1. d4 Nf6 2. c4 g6 3. Nc3 Bg7 4. e4 d6 5. Nf3 O-O 6. Be2 e5 7. d5 a5 8. Bg5 Na6
9. Nd2 h6 10. Bh4 Qe8 11. a3 Bd7 12. b3 Nh7 13. f3 f5 14. O-O g5 15. Bf2 f4 16.
Rb1 Qg6 17. b4 axb4 18. axb4 h5 19. c5 g4 20. c6 bxc6 21. dxc6 Be6 22. Bc4 Bxc4
23. Nxc4 gxf3 24. Qxf3 Ng5 25. Qd3 f3 26. g3 h4 27. Nd2 Nh3+ 28. Kh1 Qg4 29.
Nd5 Bh6 30. Ne7+ Kh7 31. Nf5 Bxd2 32. Qxd2 Nxf2+ 33. Rxf2 hxg3 34. Qh6+ Kg8 35.
h3 Rf7 36. hxg4 Rh7 37. Rxf3 Rxh6+ 38. Nxh6+ Kg7 39. Nf5+ Kg6 40. Ra3 Kg5 41.
Kg2 1-0

[Event "Weekend A Epifania"]
[Site "Torino ITA"]
[Date "2006.01.??"]
[Round "4"]
[White "Giacomasso, Enrico"]
[Black "Astengo, Marcello"]
[Result "0-1"]
[WhiteElo "1941"]
[BlackElo "2091"]
[PlyCount "120"]
[EventDate "2006.01.04"]

1. e4 e6 2. d4 d5 3. exd5 exd5 4. Bd3 Bd6 5. Nf3 Nf6 6. O-O O-O 7. Bg5 h6 8.
Bh4 Bg4 9. Nbd2 Nbd7 10. c3 c6 11. Qc2 Qb6 12. h3 Be6 13. b4 Rae8 14. Rae1 Qc7
15. Bxf6 Nxf6 16. Ne5 Qc8 17. f4 Qd8 18. Qd1 Qc8 19. g4 Nh7 20. f5 Bd7 21. Ndf3
Re7 22. Re2 Rfe8 23. Rfe1 Bb8 24. Rg2 f6 25. Ng6 Rxe1+ 26. Nxe1 Ng5 27. h4
Rxe1+ 28. Qxe1 Nf3+ 29. Kh1 Nxe1 30. Ne7+ Kf7 31. Nxc8 Nxd3 32. Nxa7 Bxa7 33.
h5 Bb8 34. Rd2 Nf4 35. Rb2 Bd6 36. a4 Ke7 37. a5 Kd8 38. Ra2 Bc8 39. Kg1 Nh3+
40. Kg2 Ng5 41. Ra1 Ne4 42. Rc1 Bf4 43. Rc2 Bd2 44. c4 Bxb4 45. cxd5 cxd5 46.
Ra2 Kd7 47. Rb2 Bc3 48. Rb5 Kc6 49. Rb6+ Kc7 50. Rb5 Bxd4 51. Rxd5 Be5 52. Kf3
Bd7 53. Rd1 Bc6 54. Rc1 Nc3+ 55. Kf2 Ne4+ 56. Kg1 Nd2 57. Rc2 Nf3+ 58. Kf1 Nh2+
59. Kg1 Nxg4 60. Ra2 Bd4+ 0-1

[Event "Weekend A Epifania"]
[Site "Torino ITA"]
[Date "2006.01.??"]
[Round "4"]
[White "Marello, Giampiero"]
[Black "Bertagia, Roldano"]
[Result "1/2-1/2"]
[WhiteElo "1700"]
[BlackElo "1986"]
[PlyCount "115"]
[EventDate "2006.01.04"]

1. c4 e5 2. Nc3 f5 3. d3 Nf6 4. Nf3 d6 5. g3 Be7 6. Bg2 c6 7. O-O O-O 8. b4 Kh8
9. b5 Qc7 10. Rb1 Be6 11. bxc6 bxc6 12. Ng5 Bg8 13. Bd2 Nbd7 14. Rb2 Rab8 15.
Rc2 g6 16. f4 Ng4 17. Nh3 Nc5 18. Qe1 Bf6 19. Nf2 Nxf2 20. Qxf2 Rb7 21. Be3 Nd7
22. Qf3 Rc8 23. Nb5 Qb8 24. c5 Bd5 25. Qxd5 cxd5 26. Nxd6 Rb1 27. Rxb1 Qxb1+
28. Rc1 Qb8 29. Nxc8 Qxc8 30. Bxd5 exf4 31. gxf4 Qc7 32. c6 Nb6 33. Bf3 h6 34.
d4 Kg7 35. d5 Be7 36. Rd1 Bd6 37. Bd4+ Kf7 38. Be5 Ke7 39. Rd3 Nc4 40. Rb3 Na5
41. Re3 Kf7 42. Kg2 g5 43. Bxd6 Qxd6 44. Re6 Qxf4 45. Rxh6 Kg7 46. Re6 g4 47.
Re7+ Kf6 48. c7 gxf3+ 49. exf3 Kxe7 50. c8=Q Qd2+ 51. Kh3 Qxd5 52. Qc7+ Kf6 53.
Qc3+ Qe5 54. Qd2 f4 55. Qd8+ Ke6 56. Qg8+ Kd6 57. Qb8+ Kd5 58. Qb5+ 1/2-1/2

[Event "Weekend A Epifania"]
[Site "Torino ITA"]
[Date "2006.01.??"]
[Round "4"]
[White "Nardelli, Marco"]
[Black "Pepino, Enrico"]
[Result "1/2-1/2"]
[WhiteElo "2107"]
[BlackElo "2157"]
[PlyCount "21"]
[EventDate "2006.01.04"]

1. e4 c5 2. Nf3 d6 3. d4 cxd4 4. Nxd4 Nf6 5. Nc3 g6 6. Be3 Bg7 7. f3 O-O 8. Bc4
Nc6 9. Qd2 Bd7 10. O-O-O Rc8 11. Bb3 1/2-1/2

[Event "Weekend A Epifania"]
[Site "Torino ITA"]
[Date "2006.01.??"]
[Round "4"]
[White "Parodi, Alessandro"]
[Black "Llupa, Oltjon"]
[Result "1-0"]
[WhiteElo "1924"]
[BlackElo "2023"]
[PlyCount "55"]
[EventDate "2006.01.04"]

1. d4 d5 2. c4 e6 3. Nf3 a6 4. Nc3 Bb4 5. e3 dxc4 6. Bxc4 b5 7. Bd3 Bb7 8. Qe2
Nd7 9. Bd2 Ngf6 10. O-O O-O 11. e4 h6 12. Rac1 c5 13. a3 Ba5 14. e5 Nh7 15.
dxc5 Nxc5 16. Bxh7+ Kxh7 17. b4 Bxf3 18. gxf3 Nb3 19. Rcd1 Nxd2 20. Ne4 Bb6 21.
Rxd2 Qh4 22. Rfd1 Rfd8 23. Rd6 Bc7 24. Qc2 Kg8 25. Qxc7 Rdc8 26. Qb6 Rab8 27.
Qd4 Kh8 28. Ng3 1-0

[Event "Weekend A Epifania"]
[Site "Torino ITA"]
[Date "2006.01.??"]
[Round "4"]
[White "Ranieri, Fabrizio"]
[Black "Gallucci, Alessio"]
[Result "1/2-1/2"]
[WhiteElo "2248"]
[BlackElo "1781"]
[PlyCount "62"]
[EventDate "2006.01.04"]

1. e4 c5 2. Nf3 Nc6 3. d4 cxd4 4. Nxd4 Nf6 5. Nc3 e5 6. Ndb5 d6 7. Bg5 a6 8.
Na3 b5 9. Nd5 Be7 10. Bxf6 Bxf6 11. c3 O-O 12. Nc2 Bg5 13. h4 Bh6 14. g4 Bf4
15. Nce3 Be6 16. Qf3 Bxe3 17. Nxe3 b4 18. Bg2 bxc3 19. bxc3 Rc8 20. h5 Qa5 21.
O-O Qxc3 22. h6 Nd4 23. Qh3 g5 24. Kh2 Ne2 25. Qf3 Nf4 26. Rfc1 Qa3 27. Nf5
Qxf3 28. Bxf3 Bxf5 29. gxf5 Nd3 30. Rd1 Nxf2 31. Rxd6 Rc3 1/2-1/2

[Event "Weekend A Epifania"]
[Site "Torino ITA"]
[Date "2006.01.??"]
[Round "5"]
[White "Bertagia, Roldano"]
[Black "Fortino, Fabrizio"]
[Result "1-0"]
[WhiteElo "1986"]
[BlackElo "2020"]
[PlyCount "65"]
[EventDate "2006.01.04"]

1. e4 c5 2. Nf3 Nc6 3. Nc3 e5 4. Bc4 d6 5. d3 Be7 6. h3 Nf6 7. O-O O-O 8. Ne2
a6 9. a4 Rb8 10. Ng3 b5 11. axb5 axb5 12. Bb3 Be6 13. Bxe6 fxe6 14. c3 d5 15.
Re1 d4 16. Ng5 Qc8 17. Qb3 Nd8 18. Nf5 Rb7 19. Nxe7+ Rxe7 20. Qxb5 Rb7 21. Qc4
h6 22. Nf3 Qc7 23. Ra6 Nd7 24. Qa2 Kh7 25. Bd2 Nb8 26. Ra4 Qf7 27. Kf1 Qh5 28.
Ra7 Rb6 29. b4 cxb4 30. cxb4 Ndc6 31. Qxe6 Rf6 32. Qxf6 Nxa7 33. Qxb6 1-0

[Event "Weekend A Epifania"]
[Site "Torino ITA"]
[Date "2006.01.??"]
[Round "5"]
[White "Ferrario, Enrico"]
[Black "Fassio, Luca"]
[Result "0-1"]
[WhiteElo "1954"]
[BlackElo "2059"]
[PlyCount "120"]
[EventDate "2006.01.04"]

1. e4 g6 2. d4 Bg7 3. Nc3 d6 4. f4 c6 5. Nf3 Bg4 6. Be3 Qb6 7. Qd2 Bxf3 8. gxf3
Nd7 9. O-O-O Qa5 10. Kb1 b5 11. Bh3 Nb6 12. Ne2 Qxd2 13. Bxd2 Nf6 14. Ng3 e6
15. f5 exf5 16. exf5 O-O 17. Bb4 Rfd8 18. Ne4 a5 19. Be1 d5 20. Nc5 Nc4 21. Bh4
Ra7 22. b3 Nb6 23. Nd3 Nc8 24. Ne5 Ne7 25. Rhe1 Kf8 26. Ng4 Nxg4 27. fxg4 f6
28. Re6 g5 29. Bg3 Kf7 30. Rde1 Bf8 31. Bd6 Nxf5 32. Bxf8 Nxd4 33. Re7+ Rxe7
34. Bxe7 Re8 35. Rd1 Ne2 36. Bc5 Nc3+ 37. Kc1 Nxd1 38. Kxd1 Re4 39. Kd2 Ke6 40.
Kd3 Ke5 41. Be7 Re1 42. Bg2 Rg1 43. Bf3 Re1 44. Bd8 a4 45. Ba5 Rf1 46. Be2 Rb1
47. Kd2 Ke6 48. Bd3 axb3 49. axb3 Kd6 50. Bd8 Rh1 51. Bxf6 Rxh2+ 52. Kc3 Rf2
53. Bg7 h5 54. Bf8+ Kc7 55. Bg7 h4 56. Be5+ Kb7 57. Kd4 h3 58. Kc5 h2 59. Bxh2
Rxh2 60. c3 Rh3 0-1

[Event "Weekend A Epifania"]
[Site "Torino ITA"]
[Date "2006.01.??"]
[Round "5"]
[White "Gussone, Claudio"]
[Black "Pepino, Enrico"]
[Result "0-1"]
[WhiteElo "1947"]
[BlackElo "2157"]
[PlyCount "148"]
[EventDate "2006.01.04"]

1. d4 g6 2. c4 Bg7 3. Nc3 Nf6 4. Nf3 O-O 5. g3 c5 6. e3 Nc6 7. b3 d6 8. Bg2 Bg4
9. h3 cxd4 10. exd4 Bxf3 11. Bxf3 Qa5 12. Bb2 Nd7 13. Bxc6 bxc6 14. O-O e6 15.
Ne4 d5 16. Bc3 Qc7 17. Ng5 a5 18. Rc1 Qb7 19. Qe2 a4 20. Rb1 axb3 21. Rxb3 Qa6
22. Bb4 Rfe8 23. Nf3 Qxa2 24. Qxa2 Rxa2 25. c5 e5 26. dxe5 Nxe5 27. Nd4 Rc8 28.
Re1 Bf6 29. f4 Nd7 30. Nf3 Rb8 31. Ree3 Ra4 32. Be1 Rxb3 33. Rxb3 Nxc5 34. Rb8+
Kg7 35. Rc8 Ra6 36. Bb4 Nd7 37. Rc7 c5 38. Bxc5 Nxc5 39. Rxc5 Rd6 40. Kf1 Rd7
41. Ke2 Kf8 42. Kd3 Ke7 43. g4 Kd6 44. Ra5 Rc7 45. Ra6+ Rc6 46. Ra3 Rb6 47. Ra7
Rb3+ 48. Ke2 Be7 49. Ra6+ Kd7 50. Ra7+ Ke8 51. Ra8+ Kd7 52. Ra7+ Ke8 53. Ra8+
Bd8 54. Ne5 Rb6 55. Nxf7 Kxf7 56. Rxd8 Ke6 57. f5+ gxf5 58. gxf5+ Ke5 59. Kf3
h5 60. Rh8 Rb3+ 61. Kg2 Kxf5 62. Rxh5+ Ke4 63. Rh8 d4 64. Rd8 d3 65. h4 Ke3 66.
Re8+ Kf4 67. Kf2 Rb2+ 68. Ke1 Rh2 69. Rd8 Ke3 70. Re8+ Kd4 71. Rd8+ Kc3 72.
Rc8+ Kb2 73. Rb8+ Kc1 74. Rc8+ Rc2 0-1